Clubs that Nicolas Anelka played for - Sudden Death - Statistics

General Stats
  • This quiz has been taken 18 times
    13 since last reset
  • The average score is 7 of 12
Answers on the Grid
Answers color-coded by a green-red scale on the quiz's grid according to % correct below.
Manchester United
Guangzhou
PSG
Urawa Red Diamonds
FC Barcelona
Inter Milan
LA Galaxy
Real Madrid
Atletico Madrid
Olympique Lyon
West Bromwich Albion
Olympique Marseille
Arsenal
Sydney FC
Bolton
Chelsea
Mumbai City
Manchester City
Swansea City
SH Shenhua
Stade Rennes
Newcastle United
Bayern Munich
Aston Villa
Mamelodi Sundowns FC
Cagliari
Tottenham Hotspur
Sevilla
Juventus
Al-Ahli
Liverpool
Fenerbahce
 
Answer Stats
Answer % Correct
Chelsea
78%
PSG
78%
Real Madrid
78%
Arsenal
56%
Fenerbahce
56%
Manchester City
56%
Mumbai City
56%
West Bromwich Albion
56%
Bolton
44%
Juventus
44%
Liverpool
44%
SH Shenhua
22%
No matching quizzes found
Score Distribution
Percent of People with Each Score
Percentile by Number Answered
Your Score History
You have not taken this quiz since the last reset